000 00543nam a2200181Ia 4500
005 20250326145044.0
008 250326s9999 xx 000 0 und d
037 _aTextbook
040 _aFMSL
_beng
_cFMSL
041 _aeng
_2eng
084 _aX:89Q P9
_qFMSL
100 _aWalden J L
_9750549
245 0 _aModeling and benchmarking supply chain leadership:setting the conditions for excellence
_cWalden J L
260 _aUSA
_bUSA, Taylor & Francis
300 _a203p
942 _cTB
_hX:89Q P9
999 _c1306213
_d1306213